000 00341nam a2200145Ia 4500
008 191201s2012 xx 000 0 und d
082 _a629.04
_bUPT
100 _aUPADHYAY, AK
245 0 _aTransportation Engineering
250 _aRep
260 _aN. Delhi
_bS.K.Kataria
_c2012
300 _a349
650 _aB.Tech(CE)
942 _2ddc
_cBK
999 _c5426
_d5426